|
|
|
|
| LEADER |
01561nam a2200313 a 4500 |
| 001 |
3851 |
| 003 |
BD-DhAAL |
| 005 |
20150415100735.0 |
| 008 |
150415s1996 caua b 001 0 eng |
| 010 |
|
|
|a 94040471
|
| 020 |
|
|
|a 0803990103 (pb : acidfree paper)
|
| 040 |
|
|
|a DLC
|c DLC
|d DLC
|d BD-DhAAL
|
| 050 |
0 |
0 |
|a HN29
|b .S34 1996
|
| 082 |
0 |
0 |
|a 361.1/072
|2 20
|
| 100 |
1 |
|
|a Schutt, Russell K.
|9 10363
|
| 245 |
1 |
0 |
|a Investigating the social world :
|b the process and practice of research /
|c Russell K. Schutt.
|
| 260 |
|
|
|a Thousands Oaks, Calif. :
|b Pine Forge Press,
|c c1996.
|
| 300 |
|
|
|a xxvi, 594 p. :
|b ill. ;
|c 24 cm. +
|
| 490 |
|
|
|a The Pine Forge Press series in research methods and statistics
|
| 504 |
|
|
|a Includes bibliographical references (p. [557]-568) and index.
|
| 538 |
|
|
|a System requirements for accompanying computer disk: IBM and IBM compatible computers.
|
| 541 |
|
|
|e 3851
|
| 650 |
|
0 |
|a Social problems
|x Research.
|9 10364
|
| 650 |
|
0 |
|a Social sciences
|x Research.
|9 10365
|
| 942 |
|
|
|2 ddc
|c BK
|
| 999 |
|
|
|c 34224
|d 34224
|
| 952 |
|
|
|0 0
|1 0
|2 ddc
|4 0
|6 361_107200000000000_SCH
|7 0
|9 53435
|a SCL
|b SCL
|c GEN
|d 2015-04-15
|e Gift: The Asia Foundation
|l 0
|o 361.1072 SCH
|p 3020003851
|r 2015-04-15
|t 1
|w 2015-04-15
|y BK
|
| 952 |
|
|
|0 0
|1 0
|2 ddc
|4 0
|6 361_107200000000000_SCH
|7 0
|9 53436
|a SCL
|b SCL
|c GEN
|d 2015-04-15
|e Gift: The Asia Foundation
|l 0
|o 361.1072 SCH
|p 3020003850
|r 2015-04-15
|t 2
|w 2015-04-15
|y BK
|
| 952 |
|
|
|0 0
|1 0
|2 ddc
|4 0
|6 361_107200000000000_SCH
|7 0
|9 53437
|a SCL
|b SCL
|c GEN
|d 2015-04-15
|e Gift: The Asia Foundation
|l 0
|o 361.1072 SCH
|p 3020000384
|r 2015-04-15
|t 3
|w 2015-04-15
|y BK
|